00314nam a2200121Ia 4500008004000000082001300040100001600053245004400069250000500113260003500118300001500153650002400168210210b1989 xxu||||| |||| 00| 0 eng d a546 SONT aSONI (P L). aText book of inorganic chemistry.Ed 19. a aN DbSultan Chand & Sonsc1989 axxii,3.360 aInorganic Chemistry